000 00724nam a22002417a 4500
001 BR6000681
003 BR-BrBNA
005 20230928083037.0
007 ta
008 230509b bl.||||| |||| 00| 0 por d
040 _aBR-BrBNA
_bpor
_cBiblioteca Nacional de Agricultura
041 _a(Por)
072 _aE10
_b/G514
090 _ E10 BR6000681
110 1 _aInstituto Brasileiro de Reforma Agraria, Rio de Janeiro, GB. Depto. de Cadastro e Tributacao
_95831
245 1 _aCadastro geral de imoveis rurais e o censo agricola [Brasil]
260 3 _aRio de Janeiro, GB (Brasil):
_c1968.
300 _a16 p.
650 _aCENSO AGRICOLA
650 _aCADASTRO
909 _a202309
_bLucia
_c55
_dLucia Elande
942 _cBK
999 _c11257
_d11257